Direito ambiental do trabalho e a saúde do trabalhador : (Record no. 802)

MARC details
000 -LÍDER
Campo Fixo de Controle 00914nam a2200265 a 4500
001 - NÚMERO DE CONTROLE
Campo de Controle 802
003 - IDENTIFICAÇÃO DO NÚMERO DE CONTROLE
Campo de Controle BR-CuiBMT
005 - DATA E HORA DA ÚLTIMA ATUALIZAÇÃO
Campo de Controle 20231129161053.0
008 - DADOS FIXOS
Dados Fixos 231117s2010 spb 000 0 por d
020 ## - INTERNATIONAL STANDARD BOOK NUMBER
Nº do ISBN 9788536114880
040 ## - AGÊNCIA CATALOGADORA
Código da Agência Catalogadora BR-CuiBMT
Agência que transcreveu o registro BR-CuiBMT
080 ## - Nº DA CLASSIFICAÇÃO DECIMAL UNIVERSAL
Nº Class. CDU 349.2:331.4
Nº edição CDU 2007
090 ## - NÚMERO DE CHAMADA
Nº classificação 349.2:331.4
Cutter M528d
100 10 - ENTRADA PRINCIPAL -- AUTOR PESSOAL
Nome pessoal Melo, Raimundo Simão de
245 00 - TÍTULO PRINCIPAL
Título principal Direito ambiental do trabalho e a saúde do trabalhador :
Subtítulo responsabilidades legais, dano material, dano moral, dano estético, indenização pela perda de uma chance, prescrição /
Indicação de responsabilidade Raimundo Simão de Melo.
250 ## - EDIÇÃO
Edição 4. ed.
260 ## - PUBLICAÇÃO, DISTRIBUIÇÃO, ETC.
Local de publicação São Paulo :
Editora LTr,
Data 2010.
300 ## - DESCRIÇÃO FÍSICA
N. páginas ou volumes 559 p. ;
Dimensões 24 cm
504 ## - NOTA DE BIBLIOGRAFIA, ETC.
Nota de bibliografia inclui bibliografia.
650 ## - ASSUNTO TÓPICO
Cabeçalho tópico ou nome geográfico Ambiente de trabalho
Subdivisão geográfica Brasil
650 ## - ASSUNTO TÓPICO
Cabeçalho tópico ou nome geográfico Higiene do trabalho
Subdivisão geográfica Brasil
650 ## - ASSUNTO TÓPICO
Cabeçalho tópico ou nome geográfico Responsabilidade (Direito)
Subdivisão geográfica Brasil
650 ## - ASSUNTO TÓPICO
Cabeçalho tópico ou nome geográfico Danos (Direito)
Subdivisão geográfica Brasil
942 ## - ELEMENTOS DE ENTRADA ADICIONAIS (KOHA)
Fonte de classificação ou esquema de arquivamento Classificação Decimal Universal
Tipo de item do Koha Livros
Holdings
Estado: removido Estado: perdido Fonte de classificação ou esquema de arquivamento Estado: danificado Indisponível para empréstimo Localização permanente Localização atual Data de aquisição Total Checkouts Número de Chamada completo Código de barras Date last seen Número do exemplar Preço efetivo a partir de Tipo de item (Koha)
    Classificação Decimal Universal     Biblioteca da Escola Superior de Contas do TCE/MT Biblioteca da Escola Superior de Contas do TCE/MT 02/04/2013   349.2:331.4 M528d 4. ed. BIBTCEMT23110735 17/11/2023 Ex. 1 17/11/2023 Livros

Powered by Koha